Domestic medicine :or, the family physician
Guardat en:
| Autor principal: | |
|---|---|
| Format: | Llibre |
| Idioma: | anglès |
| Publicat: |
Cambridge University Press
2014
|
| Etiquetes: |
Afegir etiqueta
Sense etiquetes, Sigues el primer a etiquetar aquest registre!
|
MARC
| LEADER | 00000nam a22000007a 4500 | ||
|---|---|---|---|
| 008 | 211005b ||||| |||| 00| 0 eng d | ||
| 020 | |a 9781108066259 | ||
| 100 | |a BUCHAN, William | ||
| 245 | |a Domestic medicine |b :or, the family physician |c William Buchan |e (Cambridge library collection) |g XV,624p. | ||
| 260 | |b Cambridge University Press |c 2014 |h New York |i 696125 |i 696126 |l RC81.B85 |m Medicine, Popular--Early works to 1800 | ||
| 942 | |a lcc |c BK |e 5/10/2021 |f Kuteyi M. A. | ||
| 952 | |0 0 |1 0 |2 lcc |4 0 |6 RC0081 B85 |7 0 |9 3623 |a HOL |b HOL |c QZ |d 2021-10-05 |l 0 |o RC81.B85 |p 2021-67359 |r 2021-10-05 00:00:00 |w 2021-10-05 |y BK | ||
| 952 | |0 0 |1 0 |2 lcc |4 0 |6 RC0081 B85 |7 0 |9 3624 |a HOL |b ML |c QZ |d 2021-10-05 |l 0 |o RC81.B85 |p 2021-67360 |r 2021-10-05 00:00:00 |w 2021-10-05 |y BK | ||
| 999 | |c 1796 |d 1796 | ||